Premier League 25/26 - Statistics

General Stats
  • This quiz has been taken 84 times
  • The average score is 17 of 20
Answer Stats
Answer % Correct
Arsenal
95%
Liverpool
95%
Manchester City
95%
Manchester United
94%
Chelsea
90%
Leeds
89%
Newcastle United
87%
Aston Villa
86%
Tottenham Hotspur
86%
Wolverhampton Wanderers
86%
Brentford
84%
Sunderland
84%
West Ham
84%
Burnley
83%
Everton
83%
Bournemouth
79%
Brighton And Hove Albion
78%
Fulham
78%
Crystal Palace
75%
Nottingham Forest
70%
No matching quizzes found
Score Distribution
Percent of People with Each Score
Percentile by Number Answered
Your Score History
You have not taken this quiz